RESEARCH METHODS DESIGN AND ANALYSIS (Record no. 10669)

MARC details
000 -LEADER
fixed length control field 00362nam a22001577a 4500
003 - CONTROL NUMBER IDENTIFIER
control field SGT
020 ## - INTERNATIONAL STANDARD BOOK NUMBER
International Standard Book Number 978-93-325-3651-7
082 ## - DEWEY DECIMAL CLASSIFICATION NUMBER
Classification number 001.42
Item number R15C
100 ## - MAIN ENTRY--PERSONAL NAME
Personal name CHRISTENSEN, LARRY B.
245 ## - TITLE STATEMENT
Title RESEARCH METHODS DESIGN AND ANALYSIS
250 ## - EDITION STATEMENT
Edition statement 11TH
260 ## - PUBLICATION, DISTRIBUTION, ETC. (IMPRINT)
Place of publication, distribution, etc INDIA
Name of publisher, distributor, etc PEARSON
Year of Publication 2015
300 ## - PAGE DESCRIPTION
No. of Pages 546
650 ## - SUBJECT ADDED ENTRY--TOPICAL TERM
Topical term or geographic name as entry element PSYCHOLOGY
942 ## - ADDED ENTRY ELEMENTS (KOHA)
Source of classification or shelving scheme Dewey Decimal Classification
Koha item type Books
942 ## - ADDED ENTRY ELEMENTS (KOHA)
-- 16
Holdings
Withdrawn status Lost status Source of classification or shelving scheme Damaged status Not for loan Collection code Home library Current library Shelving location Date acquired Vendor Name Cost, normal purchase price SGTU Bill Number Total Checkouts Full call number Accession No. (Barcode) Date last seen Date last borrowed Bill Date Koha item type
    Dewey Decimal Classification     MEDICAL SGT Medical Library SGT Medical Library Text Book 30/01/2017 ABC 599.00 SGTU 7043 3 001.42 R15C FM7993 02/09/2025 18/08/2025 09/07/2016 Books
    Dewey Decimal Classification     MEDICAL SGT Medical Library SGT Medical Library Text Book 30/01/2017 ABC 599.00 SGTU 7043 17 001.42 R15C FM7994 13/04/2026 02/03/2026 09/07/2016 Books
    Dewey Decimal Classification     MEDICAL SGT Medical Library SGT Medical Library Text Book 30/01/2017 ABC 599.00 SGTU 7043 11 001.42 R15C FM7995 16/01/2025 02/01/2025 09/07/2016 Books